01604aab a2200205 i 4500001001000000003001000010005001700020008004100037040004100078041000800119100002700127245005500154300006300209520093800272650004901210773010201259942000801361945001201369999001701381768714001CO-MdFUSB20250305161534.0170818s1987 cr ||||| |||| 00| 0 spa d aCO-MdFUSBbspacCO-MdFUSBdCO-MdFUSB aspa1 aZelaya, Hugo M.eautor10aUnidad en el vínculo de la pazc/ Hugo M. Zelaya aVolumen 1. Número 15 (1989), páginas 265-267c: 28 cm. aEste texto reflexiona sobre la unidad de la Iglesia y la importancia de vivir conforme al llamado de Dios, como se menciona en Efesios 4:1-4. La Iglesia es vista como la creación suprema de Dios, un cuerpo divino que no debe separarse por diferencias humanas. El autor destaca que la verdadera revelación de la Iglesia, tal como se expresa en las Escrituras, es fundamental para la vida cristiana, y que cada miembro del cuerpo de Cristo debe esforzarse por preservar la unidad y la paz en el Espíritu. También se resalta que la Iglesia no es solo una organización humana, sino un misterio divino, cuya unidad se refleja en la relación con Cristo. La lucha espiritual se menciona como una batalla por mantener esa unidad y vivir según la verdad de Dios, despojándose de la carne y del egoísmo. La familia, la Iglesia y el individuo deben funcionar como un todo, con un compromiso profundo hacia la unidad en Cristo. 7aPazxAspectos religiososxCristianismo920540 tConquista Cristiana049446960343gVolumen 1. Número 15 (1989), páginas 265-267qPágina 265 cANA aJTF-925 c50398d50398